I wonder why triceratops had horns and other questions about dinosaurs / (Record no. 6965)

MARC details
000 -LEADER
fixed length control field 01631pam a2200301 a 4500
001 - CONTROL NUMBER
control field 6965
003 - CONTROL NUMBER IDENTIFIER
control field FISKH
005 - DATE AND TIME OF LATEST TRANSACTION
control field 20250612094406.0
008 - FIXED-LENGTH DATA ELEMENTS--GENERAL INFORMATION
fixed length control field 930805r1994 nyua j 001 0 eng
010 ## - LIBRARY OF CONGRESS CONTROL NUMBER
LC control number 93029796
020 ## - INTERNATIONAL STANDARD BOOK NUMBER
International Standard Book Number 9780753456156
040 ## - CATALOGING SOURCE
Original cataloging agency DLC
Transcribing agency DLC
Modifying agency DLC
Language of cataloging eng
050 ## - LIBRARY OF CONGRESS CALL NUMBER
Classification number QE862.D5 T473
082 ## - DEWEY DECIMAL CLASSIFICATION NUMBER
Classification number 567.9
100 1# - MAIN ENTRY--PERSONAL NAME
Personal name Theodorou, Rod.
245 00 - TITLE STATEMENT
Title I wonder why triceratops had horns and other questions about dinosaurs /
Statement of responsibility, etc. Rod Theodorou.
260 ## - PUBLICATION, DISTRIBUTION, ETC.
Place of publication, distribution, etc. New York :
Name of publisher, distributor, etc. Kingfisher Books,
Date of publication, distribution, etc. 1994.
300 ## - PHYSICAL DESCRIPTION
Extent 32 pages :
Other physical details color illstrations ;
Dimensions 22 cm
490 1# - SERIES STATEMENT
Series statement I wonder why
500 ## - GENERAL NOTE
General note Includes index.
520 ## - SUMMARY, ETC.
Summary, etc. Discover the answers to all the questions you've ever wanted to ask about the natural world, history, space and more! Was Tyrannosaurus king of the dinosaurs? Which dinosaur went fishing? Why did dinosaurs eat stones? Learn the answers to these questions and more in this fascinating question-and-answer book all about dinosaurs. Accessible and entertaining text makes learning about dinosaurs fun, and information is presented in bite-sized nuggets, making it ideal for reading aloud. Bright illustrations by award-winning illustrator Marie-Eve Tremblay bring amazing dinosaurs to life, from T-Rex and Velociraptor to Diplodocus. This is the ideal book for young dinosaur fans who want to uncover fascinating facts about their favorite dinos.
650 #0 - SUBJECT ADDED ENTRY--TOPICAL TERM
Topical term or geographic name entry element Dinosaurs
General subdivision Miscellanea
-- Juvenile literature.
650 #1 - SUBJECT ADDED ENTRY--TOPICAL TERM
Topical term or geographic name entry element Dinosaurs
General subdivision Miscellanea.
650 #1 - SUBJECT ADDED ENTRY--TOPICAL TERM
Topical term or geographic name entry element Questions and answers.
906 ## - LOCAL DATA ELEMENT F, LDF (RLIN)
a 7
b cbc
c orignew
d 1
e ocip
f 19
g y-gencatlg
942 ## - ADDED ENTRY ELEMENTS (KOHA)
Source of classification or shelving scheme Dewey Decimal Classification
Koha item type Books
Suppress in OPAC No
Holdings
Withdrawn status Lost status Source of classification or shelving scheme Damaged status Not for loan Collection Home library Current library Shelving location Date acquired Total Checkouts Full call number Barcode Date last seen Copy number Price effective from Koha item type
    Dewey Decimal Classification     Non-Fiction Footprints International School Library Network Toul Kork Campus Footprints International School Library Network Toul Kork Campus A TK Campus, 4th Floor, Room B401, Non-Fiction Bookcases(7-8) 06/12/2025   THE 567.9 QE862.D5 T473 FISTK01703 06/12/2025 1 06/12/2025 Books